000 004500000a22001810004500
003 MACL
005 20160128132306.0
008 160128b xxu||||| |||| 00| 0 eng d
040 _aMACL
_cMACL
041 _aEnglish
082 _a954/PHU
100 _aPhull, D S
_934155
245 _aIndian History
_bFor UPSC civil services
260 _bBright Careers Institute
_aDelhi
350 _a95
650 _aHistory
_934885
942 _cBK
_k954/PHU
_2ddc
999 _c31756
_d31756